000 00528cam a22001571 4500
082 _a691.2
_bBOW
100 1 _aBowles, Oliver,
_945506
245 1 4 _aThe stone industries;
_bdimension stone, crushed stone, geology, technology, distribution, utilization,
_cby Oliver Bowles.
250 _a2d ed.
260 _aNew York
_aand London,
_bMcGraw-Hill book company,
_c1939.
300 _a519 p. incl. illus.
_c24 cm.
526 _a0
_b0
_c0
_d691_200000000000000_BOW
650 0 _aMCE
_9379
650 0 _aStone.
_932888
942 _2ddc
_cBK
999 _c549013
_d549013